Геолого-экономическая характеристика минерально-сырьевой базы Томской области; Проблемы и перспективы развития минерально-сырьевой базы и предприятий ТЭК Сибири

Opis bibliograficzny
Parent link:Проблемы и перспективы развития минерально-сырьевой базы и предприятий ТЭК Сибири.— 2005.— С. 33-43.
1. autor: Боярко Г. Ю. Григорий Юрьевич
Kolejni autorzy: Мазуров А. К. Алексей Карпович, Емешев В. Г.
Język:rosyjski
Wydane: 2005
Hasła przedmiotowe:
Format: Rozdział
KOHA link:https://koha.lib.tpu.ru/cgi-bin/koha/opac-detail.pl?biblionumber=97112

MARC

LEADER 00000naa2a2200000 4500
001 97112
005 20240823063158.0
035 |a (RuTPU)RU\TPU\book\104088 
090 |a 97112 
100 |a 20060523d2005 k y0rusy50 ca 
101 0 |a rus 
102 |a RU 
200 1 |a Геолого-экономическая характеристика минерально-сырьевой базы Томской области  |f Г. Ю. Боярко, А. К. Мазуров, В. Г. Емешев 
320 |a Библиогр.: 10 назв. 
463 0 |0 (RuTPU)RU\TPU\book\66225  |t Проблемы и перспективы развития минерально-сырьевой базы и предприятий ТЭК Сибири  |o материалы межрегиональной научно-практической конференции, Томск, 2005 г.  |f Межрегиональная ассоциация "Сибирское соглашение"; Территориальное агентство по недропользованию по Томской области; Томский политехнический университет; Сибирское отделение РАН; ОАО "Томскнефть"; Томский научно-исследовательский институт нефти и газа (ТомскНИПИнефть ВНК); Проблемы и перспективы развития минерально-сырьевой базы и предприятий ТЭК Сибири, межрегиональная научно-практическая конференция; [гл. ред. В. Г. Емешев]  |v С. 33-43.  |d 2005  |p 339 с. 
610 1 |a Томская область 
610 1 |a геолого-экономическая характеристика 
610 1 |a минерально-сырьевая база 
610 1 |a нефтедобыча 
610 1 |a углеводородное сырьё 
610 1 |a месторождения 
610 1 |a коэффициент извлечения 
610 1 |a труды учёных ТПУ 
700 1 |a Боярко  |b Г. Ю.  |c экономист  |c заведующий кафедрой Томского политехнического университета, доктор экономических наук  |f 1954-  |g Григорий Юрьевич  |3 (RuTPU)RU\TPU\pers\26105  |9 11935 
701 1 |a Мазуров  |b А. К.  |c горный инженер геолог  |c профессор-консультант Томского политехнического университета, доктор геолого-минералогических наук  |f 1951-  |g Алексей Карпович  |x TPU  |y Томск  |3 (RuTPU)RU\TPU\pers\26068  |9 11906 
701 1 |a Емешев  |b В. Г. 
801 1 |a RU  |b 63413507  |c 20060523  |g PSBO 
801 2 |a RU  |b 63413507  |c 20170315  |g PSBO 
942 |c BK